000 00288nam a2200109Ia 4500
008 231011s9999 xx 000 0 und d
041 _aeng
100 _aF.L..Lobo
245 _aStrategies & Techniques For Successful Selling
260 _bGlobal Business Press Delhi-95 -
365 _b385
999 _c885694
_d885694